Culture Générale - Série 1893 - Statistiques

Statistiques générales
  • Ce quiz a été pris 73 fois
  • Le résultat moyen est 4 sur 10
Statistiques - réponses
Question Réponse % Correct
Dans quel département français se trouve la ville de Cahors ? Lot
73%
Quel acronyme désigne les animaux de compagnie appartenant à des espèces autres que le chien et le chat ? NAC
66%
Dans quel pays européen se trouve l'île d'Egine ? Grèce
62%
Dans quel département français se trouve la ville d'Ussel ? Corrèze
59%
Dans quel état des Etats Unis se trouve la ville de Denver ? Colorado
56%
Dans la mythologie grecque, quelle est la déesse de l'agriculture et des moissons ? Déméter
42%
Dans quel département français se trouve la ville d' Ernée ? Mayenne
24%
Dans la mythologie germanique, comment appelle-t-on les génies des eaux, désignées également sous le terme de « nixe ») ? ondine
7%
Comment s'appelait l'épouse d'Alexandre le Grand - princesse de Sogdiane ? voir photo Roxane
3%
Quel poisson marin du golfe de Gascogne et de la Méditerranée, voisin du barracuda, mais plus petit,est parfois appelé brochet de mer ? spet
3%
Aucun quiz correspondant
Distribution des résultats
% des personnes avec chaque résultat
Percentile par nombre de réponses
Votre historique - résultats
Vous n’avez pas pris ce quiz